| 000 | 00767nam a2200217 a 4500 | ||
|---|---|---|---|
| 001 | 000022353 | ||
| 005 | 20200930011708.0 | ||
| 008 | 101004s1997 dr a 001 0 spa d | ||
| 020 | _a8485840585 | ||
| 040 |
_aDO-SdBNP _bspa _cBNPHU |
||
| 245 | 1 | 3 |
_aLa enseñanza y el aprendizaje de las ciencias de la naturaleza en la educación secundaria / _ccoordinadores Luis del Camen... [et. al ]. |
| 250 | _a2a. ed. | ||
| 260 |
_aBarcelona : _bIce Horsori, _c1997. |
||
| 300 |
_a224 p. ; _c23 cm. |
||
| 490 | 1 |
_aCuaderno de formación del profesorado _vno. 9 |
|
| 500 | _aIncluye índice tematico | ||
| 504 | _aBibliografía : p. 213 -218 | ||
| 700 | 1 |
_aCarmen, Luis del _ecoor. _946114 |
|
| 830 | 0 |
_aCuaderno de formación del profesorado _vno. 9 _946115 |
|
| 049 | _aBNPD | ||
| 999 |
_c21851 _d21851 |
||